The most famous Czech Republic beer - Statistics

General Stats
  • This quiz has been taken 40 times
  • The average score is 5 of 10
Answer Stats
Beer % Correct
Pilsner Urquell
79%
Staropramen
76%
Velkopopovický Kozel
71%
Radegast
59%
Svijany
47%
Gambrinus
44%
Krušovice
41%
Budweiser Budvar
32%
Birell
24%
Zlatopramen
21%
No matching quizzes found
Score Distribution
Percent of People with Each Score
Percentile by Number Answered
Your Score History
You have not taken this quiz